000 00827nam0a22002411 4500
001 rc\2678090
005 20110915154718.0
035 _a(NLR Aleph) 006806509
090 _a6298318
_c6298318
100 _a20110915d1932 |||y0rusy50 ca
101 0 _arus
102 _aRU
105 _ay z |||||
200 1 _aРабота Ашхабадской геофизической обсерватории и ее дальнейшие перспективы
_fЭ. П. Цытович
210 _aАшхабад
_cГидрометкомитет ТССР
_d1932
215 _a26 с.
_d17 см.
300 _aРезюме на нем. яз.
700 1 _aЦытович
_bЭ. П.
_f1874-
_gЭраст Платонович
801 0 _aRU
_bNLR
_gpsbo
801 1 _aRU
_bELAR
_2rusmarc
852 _aNLR
_j33-9/321
942 _cBOOK
980 _aNB